World Capitals Closest to Tehran - Statistics

General Stats
  • This quiz has been taken 148 times
    146 since last reset
  • The average score is 17 of 20
Answer Stats
km capital miles % Correct
697 Baghdad 433
100%
773 Kuwait City 480
92%
541 Baku 336
90%
1623 Kabul 1009
90%
1304 Riyadh 810
89%
1284 Abu Dhabi 798
87%
1691 Ankara 1051
87%
1159 Doha 720
86%
879 Tbilisi 546
86%
1405 Damascus 873
85%
1558 Jerusalem 968
85%
1510 Muscat 938
84%
783 Yerevan 487
83%
1464 Beirut 910
82%
1487 Amman 924
81%
1057 Manama 657
80%
1672 Tashkent 1039
78%
667 Ashgabat 415
76%
1578 Dushanbe 981
70%
1631 Nicosia 1030
64%
No matching quizzes found
Score Distribution
Percent of People with Each Score
Percentile by Number Answered
Your Score History
You have not taken this quiz since the last reset